Quantifying Chaos by Various Computational Methods. Part 2: Vibrations of the Bernoulli–Euler Beam Subjected to Periodic and Colored Noise; Entropy; Vol. 20
| Parent link: | Entropy Vol. 20.— 2018.— [170, 13 p.] |
|---|---|
| Autor corporatiu: | |
| Altres autors: | , , , , , |
| Sumari: | Title screen In this part of the paper, the theory of nonlinear dynamics of flexible Euler–Bernoulli beams (the kinematic model of the first-order approximation) under transverse harmonic load and colored noise has been proposed. It has been shown that the introduced concept of phase transition allows for further generalization of the problem. The concept has been extended to a so-called noise-induced transition, which is a novel transition type exhibited by nonequilibrium systems embedded in a stochastic fluctuated medium, the properties of which depend on time and are influenced by external noise. Colored noise excitation of a structural system treated as a system with an infinite number of degrees of freedom has been studied. |
| Idioma: | anglès |
| Publicat: |
2018
|
| Matèries: | |
| Accés en línia: | https://doi.org/10.3390/e20030170 |
| Format: | MixedMaterials Electrònic Capítol de llibre |
| KOHA link: | https://koha.lib.tpu.ru/cgi-bin/koha/opac-detail.pl?biblionumber=666984 |
MARC
| LEADER | 00000naa0a2200000 4500 | ||
|---|---|---|---|
| 001 | 666984 | ||
| 005 | 20250228142723.0 | ||
| 035 | |a (RuTPU)RU\TPU\network\38188 | ||
| 090 | |a 666984 | ||
| 100 | |a 20220210d2018 k||y0rusy50 ba | ||
| 101 | 0 | |a eng | |
| 102 | |a CH | ||
| 135 | |a drcn ---uucaa | ||
| 181 | 0 | |a i | |
| 182 | 0 | |a b | |
| 200 | 1 | |a Quantifying Chaos by Various Computational Methods. Part 2: Vibrations of the Bernoulli–Euler Beam Subjected to Periodic and Colored Noise |f J. Awrejcewicz, A. V. Krysko, N. P. Erofeev [et al.] | |
| 203 | |a Text |c electronic | ||
| 300 | |a Title screen | ||
| 320 | |a [References: 45 tit.] | ||
| 330 | |a In this part of the paper, the theory of nonlinear dynamics of flexible Euler–Bernoulli beams (the kinematic model of the first-order approximation) under transverse harmonic load and colored noise has been proposed. It has been shown that the introduced concept of phase transition allows for further generalization of the problem. The concept has been extended to a so-called noise-induced transition, which is a novel transition type exhibited by nonequilibrium systems embedded in a stochastic fluctuated medium, the properties of which depend on time and are influenced by external noise. Colored noise excitation of a structural system treated as a system with an infinite number of degrees of freedom has been studied. | ||
| 461 | |t Entropy | ||
| 463 | |t Vol. 20 |v [170, 13 p.] |d 2018 | ||
| 610 | 1 | |a электронный ресурс | |
| 610 | 1 | |a труды учёных ТПУ | |
| 610 | 1 | |a geometric nonlinearity | |
| 610 | 1 | |a Bernoulli–Euler beam | |
| 610 | 1 | |a colored noise | |
| 610 | 1 | |a noise induced transitions | |
| 610 | 1 | |a true chaos | |
| 610 | 1 | |a Lyapunov exponents | |
| 610 | 1 | |a wavelets | |
| 701 | 1 | |a Awrejcewicz |b J. |g Jan | |
| 701 | 1 | |a Krysko |b A. V. |c specialist in the field of Informatics and computer engineering |c programmer Tomsk Polytechnic University, Professor, doctor of physico-mathematical Sciences |f 1967- |g Anton Vadimovich |3 (RuTPU)RU\TPU\pers\36883 | |
| 701 | 1 | |a Erofeev |b N. P. |g Nikolay Pavlovich | |
| 701 | 1 | |a Dobriyan |b V. V. |g Vitaly Vyacheslavovich | |
| 701 | 1 | |a Barulina |b M. A. |g Marina Aleksandrovna | |
| 701 | 1 | |a Krysko |b V. A. |g Vadim | |
| 712 | 0 | 2 | |a Национальный исследовательский Томский политехнический университет |b Институт кибернетики |b Кафедра инженерной графики и промышленного дизайна |b Научно-учебная лаборатория 3D моделирования |3 (RuTPU)RU\TPU\col\20373 |
| 801 | 2 | |a RU |b 63413507 |c 20220210 |g RCR | |
| 856 | 4 | |u https://doi.org/10.3390/e20030170 | |
| 942 | |c CF | ||